[Event "Biella op 1st"]
[Site "Biella"]
[Date "2010.09.26"]
[Round "5"]
[White "Crepaldi, Marco"]
[Black "Migliorini, Matteo"]
[Result "0-1"]
[WhiteElo "1917"]
[BlackElo "1742"]
[PlyCount "50"]
[EventDate "2010.09.24"]
[EventType "swiss"]
[EventRounds "5"]
[EventCountry "ITA"]
[SourceTitle "EXT 2024"]
[Source "ChessBase"]
[SourceDate "2023.10.10"]
[SourceVersion "1"]
[SourceVersionDate "2023.10.10"]
[SourceQuality "1"]

1. e4 e5 2. Nf3 Nc6 3. Bb5 a6 4. Ba4 Nf6 5. 0-0 b5 6. Bb3 Bc5 7. c3 d6 8. h3 0-0 9. d4 Bb6 10. Bg5 Bb7 11. Re1 h6 12. Bh4 Qe7 13. d5 Nd8 14. Qd3 c5 15. dxc6 Bxc6 16. Nbd2 Ne6 17. Bxf6 gxf6 18. Nh4 Kh7 19. Nf5 Qa7 20. Qf3 Nf4 21. g3 Bxf2+ 22. Kh2 Bxe1 23. gxf4 Bxd2 24. Qh5 Qf2+ 25. Kh1 Bxe4+ 0-1

[Event "Vanzaghello op-A 6th"]
[Site "Vanzaghello"]
[Date "2010.05.23"]
[Round "5"]
[White "Palminteri, Vincenzo"]
[Black "Crepaldi, Marco"]
[Result "1/2-1/2"]
[WhiteElo "1893"]
[BlackElo "1885"]
[PlyCount "85"]
[EventDate "2010.05.21"]
[EventType "swiss"]
[EventRounds "5"]
[EventCountry "ITA"]
[SourceTitle "EXT 2024"]
[Source "ChessBase"]
[SourceDate "2023.10.10"]
[SourceVersion "1"]
[SourceVersionDate "2023.10.10"]
[SourceQuality "1"]

1. e4 c5 2. c3 Nf6 3. e5 Nd5 4. d4 cxd4 5. cxd4 d6 6. exd6 Qxd6 7. Nc3 a6 8. Nf3 Nc6 9. Be2 e6 10. 0-0 Be7 11. Be3 0-0 12. Rc1 b5 13. Qd3 Nf6 14. Ng5 Nb4 15. Qd2 Bb7 16. a3 Nbd5 17. Nce4 Qb6 18. Bf3 Nd7 19. Nc3 Nxe3 20. Qxe3 Bxg5 21. Qxg5 Bxf3 22. gxf3 Qxd4 23. Rfd1 Qf6 24. f4 Rfd8 25. Ne4 Qxb2 26. Nc5 Nf6 27. Re1 Rd5 28. Qg3 Rc8 29. Nxe6 fxe6 30. Rxc8+ Kf7 31. Rc7+ Nd7 32. Qh3 Qf6 33. Rc6 Nc5 34. Qe3 Qf5 35. Rc7+ Kg8 36. Kh1 g5 37. Qc3 Nd7 38. fxg5 Rd3 39. Qc6 e5 40. Rg1 e4 41. Rc8+ Kf7 42. Re1 Qf3+ 43. Kg1 1/2-1/2

[Event "Vanzaghello op-A 6th"]
[Site "Vanzaghello"]
[Date "2010.05.21"]
[Round "1"]
[White "Madaschi, Sergio"]
[Black "Crepaldi, Marco"]
[Result "0-1"]
[WhiteElo "1570"]
[BlackElo "1885"]
[PlyCount "62"]
[EventDate "2010.05.21"]
[EventType "swiss"]
[EventRounds "5"]
[EventCountry "ITA"]
[SourceTitle "EXT 2024"]
[Source "ChessBase"]
[SourceDate "2023.10.10"]
[SourceVersion "1"]
[SourceVersionDate "2023.10.10"]
[SourceQuality "1"]

1. e4 c5 2. Nf3 d6 3. d4 cxd4 4. Nxd4 Nf6 5. Nc3 a6 6. Bg5 e6 7. f4 Qc7 8. Qd2 Nbd7 9. 0-0-0 b5 10. a3 Bb7 11. Qe2 Rc8 12. Rg1 Nb6 13. Bxf6 gxf6 14. Qh5 Qc5 15. Be2 Ke7 16. Qxc5 Rxc5 17. Nb3 Rc7 18. Kb1 Bg7 19. Bd3 Rhc8 20. Ne2 Nc4 21. g4 f5 22. exf5 Bxb2 23. fxe6 fxe6 24. Bxh7 Bg7 25. Ka2 Rh8 26. Bg6 Rxh2 27. Ned4 Ne3 28. Rde1 Bd5 29. Nxe6 Kxe6 30. Rxe3+ Kd7 31. Bf5+ Kd8 0-1

[Event "Asti Alfieri Memorial 5th"]
[Site "Asti"]
[Date "2010.04.16"]
[Round "1"]
[White "Fossati, Remigio"]
[Black "Crepaldi, Marco"]
[Result "1/2-1/2"]
[WhiteElo "2201"]
[BlackElo "1874"]
[PlyCount "72"]
[EventDate "2010.04.16"]
[EventType "swiss"]
[EventRounds "5"]
[EventCountry "ITA"]
[SourceTitle "EXT 2024"]
[Source "ChessBase"]
[SourceDate "2023.10.10"]
[SourceVersion "1"]
[SourceVersionDate "2023.10.10"]
[SourceQuality "1"]

1. d4 Nf6 2. c4 e6 3. Nc3 Bb4 4. e3 b6 5. Nge2 Bb7 6. a3 Be7 7. Ng3 d5 8. b3 0-0 9. Bb2 Nbd7 10. Bd3 c5 11. 0-0 Re8 12. Rc1 Rc8 13. Qd2 g6 14. Rfd1 Bf8 15. Be2 Bg7 16. Nb5 Qe7 17. Nxa7 Ra8 18. Nb5 Rec8 19. Nc3 Rd8 20. Qe1 Rac8 21. Rc2 Bh6 22. Bf3 Ba8 23. Qe2 Bg7 24. dxc5 dxc4 25. Bxa8 cxb3 26. Rcd2 Rxa8 27. c6 Nc5 28. Nb5 Nd5 29. Bxg7 Kxg7 30. Rd4 Rdc8 31. Qb2 Kg8 32. e4 Nf6 33. c7 Ne8 34. e5 Nxc7 35. Nd6 Rcb8 36. Qc1 Nd5 1/2-1/2

[Event "Ivrea op 14th"]
[Site "Ivrea"]
[Date "2010.03.21"]
[Round "4"]
[White "Crepaldi, Marco"]
[Black "Di Chiara, Mauro"]
[Result "0-1"]
[WhiteElo "1874"]
[BlackElo "1868"]
[PlyCount "61"]
[EventDate "2010.03.19"]
[EventType "swiss"]
[EventRounds "5"]
[EventCountry "ITA"]
[SourceTitle "EXT 2024"]
[Source "ChessBase"]
[SourceDate "2023.10.10"]
[SourceVersion "1"]
[SourceVersionDate "2023.10.10"]
[SourceQuality "1"]

1. e4 d6 2. d4 Nf6 3. Nc3 g6 4. f4 Bg7 5. Nf3 0-0 6. Bd3 Na6 7. 0-0 c5 8. e5 Nd7 9. Be3 cxd4 10. Bxd4 dxe5 11. fxe5 Nac5 12. Bc4 Ne6 13. Bxe6 fxe6 14. Qe2 Nb6 15. Rad1 Nd5 16. Ne4 Bd7 17. Nc5 Nf4 18. Qc4 Bc6 19. Be3 Bd5 20. Qb4 Qb6 21. Qa3 Qc6 22. Nd4 Ne2+ 23. Nxe2 Bxg2 24. Rxf8+ Rxf8 25. Nd4 Qd5 26. c4 Qxc4 27. Kxg2 Bxe5 28. Ne4 Bxd4 29. Rxd4 Qf1+ 30. Kg3 Rf3+ 31. Kg4 0-1

[Event "Robecchetto op-B 20th"]
[Site "Robecchetto"]
[Date "2009.12.29"]
[Round "5"]
[White "Santarelli, Sabatino"]
[Black "Crepaldi, Marco"]
[Result "0-1"]
[WhiteElo "1658"]
[BlackElo "1871"]
[PlyCount "104"]
[EventDate "2009.12.27"]
[EventType "swiss"]
[EventRounds "6"]
[EventCountry "ITA"]
[SourceTitle "EXT 2023"]
[Source "ChessBase"]
[SourceDate "2022.10.05"]
[SourceVersion "1"]
[SourceVersionDate "2022.10.05"]
[SourceQuality "1"]

1. Nf3 Nf6 2. b3 b6 3. Bb2 e6 4. g3 Bb7 5. Bg2 Be7 6. 0-0 0-0 7. d3 d5 8. Nbd2 c5 9. Ne5 Qc7 10. e3 Nbd7 11. f4 Rac8 12. Rc1 Rfd8 13. Qf3 Bd6 14. Nxd7 Nxd7 15. Qg4 e5 16. fxe5 Bxe5 17. Bxe5 Nxe5 18. Qh5 Qe7 19. Rce1 Rc6 20. e4 Rh6 21. Qe2 d4 22. Nf3 Ng4 23. Nxd4 Qe5 24. Qxg4 Qxd4+ 25. Kh1 Rdd6 26. Rf4 Rdg6 27. Qf3 f6 28. Rf1 Bc8 29. e5 Qxe5 30. Qa8 Qc7 31. Re1 Rxg3 32. Re8+ Kf7 33. Qxc8 Qxf4 34. Qd7+ Kg6 35. Be4+ Kg5 36. Qxg7+ Rg6 37. Qxg6+ hxg6 38. hxg3 Qxg3 39. Rg8 f5 40. Bd5 Kf4 41. Re8 g5 42. Re2 Qh3+ 43. Kg1 Qg4+ 44. Kf1 Qh3+ 45. Bg2 Qh8 46. a4 g4 47. Rf2+ Kg5 48. Re2 f4 49. Be4 f3 50. Bxf3 gxf3 51. Re4 Qh1+ 52. Kf2 Qg2+ 0-1

[Event "Robecchetto op-B 20th"]
[Site "Robecchetto"]
[Date "2009.12.28"]
[Round "2"]
[White "Crepaldi, Marco"]
[Black "Cervini, Gian Piero"]
[Result "1-0"]
[WhiteElo "1871"]
[BlackElo "1765"]
[PlyCount "37"]
[EventDate "2009.12.27"]
[EventType "swiss"]
[EventRounds "6"]
[EventCountry "ITA"]
[SourceTitle "EXT 2023"]
[Source "ChessBase"]
[SourceDate "2022.10.05"]
[SourceVersion "1"]
[SourceVersionDate "2022.10.05"]
[SourceQuality "1"]

1. e4 g6 2. d4 Bg7 3. f4 d6 4. Nf3 Nf6 5. Nc3 c5 6. Be3 cxd4 7. Nxd4 Qb6 8. Bb5+ Nfd7 9. e5 dxe5 10. Nf5 Qf6 11. Nxg7+ Qxg7 12. Nd5 Kd8 13. 0-0 Nc6 14. fxe5 Ncxe5 15. Bd4 e6 16. Nf6 Nc6 17. Bxc6 e5 18. Bxe5 bxc6 19. Nxd7 1-0

[Event "Robecchetto op-B 20th"]
[Site "Robecchetto"]
[Date "2009.12.28"]
[Round "3"]
[White "Fortunato, Lorenzo"]
[Black "Crepaldi, Marco"]
[Result "1/2-1/2"]
[WhiteElo "1841"]
[BlackElo "1871"]
[PlyCount "52"]
[EventDate "2009.12.27"]
[EventType "swiss"]
[EventRounds "6"]
[EventCountry "ITA"]
[SourceTitle "EXT 2023"]
[Source "ChessBase"]
[SourceDate "2022.10.05"]
[SourceVersion "1"]
[SourceVersionDate "2022.10.05"]
[SourceQuality "1"]

1. e4 c5 2. Nc3 Nc6 3. g3 d6 4. Bg2 Nf6 5. d3 e6 6. h3 a6 7. Be3 Qc7 8. f4 Rb8 9. Qd2 b5 10. Nf3 Bb7 11. g4 d5 12. g5 d4 13. gxf6 dxe3 14. Qxe3 gxf6 15. 0-0-0 Bd6 16. Ne2 a5 17. Kb1 b4 18. d4 cxd4 19. Nfxd4 Nxd4 20. Qxd4 Be7 21. Qe3 Rg8 22. Bf3 Bc5 23. Qd3 Ke7 24. Rhf1 a4 25. Qc4 Qb6 26. e5 Ba6 1/2-1/2

[Event "Asti Alfieri Memorial 3rd"]
[Site "Asti"]
[Date "2008.03.30"]
[Round "6"]
[White "Crepaldi, Marco"]
[Black "Astengo, Marcello"]
[Result "0-1"]
[WhiteElo "1836"]
[BlackElo "2039"]
[PlyCount "45"]
[EventDate "2008.03.27"]
[EventType "swiss"]
[EventRounds "6"]
[EventCountry "ITA"]
[SourceTitle "EXT 2011"]
[Source "ChessBase"]
[SourceDate "2010.11.26"]
[SourceVersion "1"]
[SourceVersionDate "2010.11.26"]
[SourceQuality "1"]

1. e4 e6 2. d4 d5 3. Nc3 Nf6 4. e5 Ng8 5. f4 c5 6. Nf3 Nc6 7. Be3 Qa5 8. a3 cxd4 9. Nxd4 Nh6 10. Nb3 Qd8 11. Bc5 Bxc5 12. Nxc5 Nf5 13. Qd2 0-0 14. Bd3 d4 15. N3e4 Qd5 16. Qe2 Ne3 17. c4 Qd8 18. Nd6 Qa5+ 19. b4 Nxb4 20. Bxh7+ Kxh7 21. Qh5+ Kg8 22. Nde4 Nd3+ 23. Ke2 0-1

[Event "Ivrea op 14th"]
[Site "Ivrea"]
[Date "2008.03.15"]
[Round "2"]
[White "Castaldo, Antonio"]
[Black "Crepaldi, Marco"]
[Result "1/2-1/2"]
[WhiteElo "1523"]
[BlackElo "1836"]
[PlyCount "75"]
[EventDate "2008.03.14"]
[EventType "swiss"]
[EventRounds "5"]
[EventCountry "ITA"]
[SourceTitle "EXT 2011"]
[Source "ChessBase"]
[SourceDate "2010.11.26"]
[SourceVersion "1"]
[SourceVersionDate "2010.11.26"]
[SourceQuality "1"]

1. Nf3 Nf6 2. g3 b6 3. Bg2 Bb7 4. 0-0 e6 5. d3 d5 6. Nbd2 Be7 7. Re1 0-0 8. e4 dxe4 9. dxe4 Nxe4 10. Nxe4 Qxd1 11. Rxd1 Bxe4 12. c3 Rd8 13. Bf4 Na6 14. Nd4 Bxg2 15. Kxg2 g5 16. Be3 h6 17. Rd2 Nc5 18. Rad1 Ne4 19. Rd3 a6 20. Nc6 Rxd3 21. Rxd3 Bd6 22. Kf3 f5 23. Bd4 Rf8 24. h3 Rf7 25. Nd8 Re7 26. Nb7 e5 27. Be3 Kg7 28. g4 Kg6 29. Kg2 f4 30. f3 Nf6 31. Nxd6 fxe3 32. Nf5 Re6 33. Nxe3 e4 34. fxe4 Rxe4 35. Kf3 Rf4+ 36. Ke2 h5 37. gxh5+ Kxh5 38. Nd5 1/2-1/2

[Event "Ivrea op 14th"]
[Site "Ivrea"]
[Date "2008.03.15"]
[Round "3"]
[White "Costabloz, Giammarco"]
[Black "Crepaldi, Marco"]
[Result "0-1"]
[WhiteElo "1625"]
[BlackElo "1836"]
[PlyCount "62"]
[EventDate "2008.03.14"]
[EventType "swiss"]
[EventRounds "5"]
[EventCountry "ITA"]
[SourceTitle "EXT 2011"]
[Source "ChessBase"]
[SourceDate "2010.11.26"]
[SourceVersion "1"]
[SourceVersionDate "2010.11.26"]
[SourceQuality "1"]

1. e4 c5 2. Nf3 d6 3. d4 cxd4 4. Nxd4 Nf6 5. Nc3 a6 6. Be3 Ng4 7. Bc1 Nf6 8. f3 e5 9. Nb3 Qb6 10. Bc4 Be6 11. Bxe6 fxe6 12. Qe2 Nbd7 13. Be3 Qc7 14. 0-0-0 Be7 15. g4 Nb6 16. g5 Nfd7 17. h4 Nc4 18. Kb1 Rc8 19. Rc1 Nxb2 20. Kxb2 Qxc3+ 21. Kb1 0-0 22. Rhf1 d5 23. Bd2 Qc7 24. c3 Ba3 25. Rc2 d4 26. Be1 Qb6 27. Ka1 Nc5 28. Nxc5 Rxc5 29. cxd4 exd4 30. Rf2 Rb5 31. Qd1 d3 0-1

[Event "Ivrea op 14th"]
[Site "Ivrea"]
[Date "2008.03.14"]
[Round "1"]
[White "Crepaldi, Marco"]
[Black "Liviabella, Lucio"]
[Result "0-1"]
[WhiteElo "1836"]
[BlackElo "1475"]
[PlyCount "70"]
[EventDate "2008.03.14"]
[EventType "swiss"]
[EventRounds "5"]
[EventCountry "ITA"]
[SourceTitle "EXT 2011"]
[Source "ChessBase"]
[SourceDate "2010.11.26"]
[SourceVersion "1"]
[SourceVersionDate "2010.11.26"]
[SourceQuality "1"]

1. e4 c5 2. Nf3 d6 3. d4 cxd4 4. Nxd4 a6 5. c4 g6 6. Nc3 Bg7 7. Be3 Nf6 8. Be2 Bd7 9. Qd2 0-0 10. h4 Nc6 11. h5 Ne5 12. hxg6 fxg6 13. Bh6 Rf7 14. Bxg7 Rxg7 15. f4 Nc6 16. 0-0-0 Nxd4 17. Qxd4 Rc8 18. e5 Ne8 19. g4 Rf7 20. f5 gxf5 21. gxf5 Bxf5 22. Rdg1+ Rg7 23. exd6 Qxd6 24. Nd5 Rxg1+ 25. Rxg1+ Bg6 26. Bd3 e5 27. Qg4 Rc6 28. Bxg6 hxg6 29. Qe4 Kf7 30. Rg5 b5 31. b3 bxc4 32. Rxe5 cxb3+ 33. Kb2 Nf6 34. Re7+ Kf8 35. Qh1 Qxd5 0-1

[Event "Asti Alfieri Memorial 2nd"]
[Site "Asti"]
[Date "2007.03.25"]
[Round "6"]
[White "Crepaldi, Marco"]
[Black "Idili, Leonardo"]
[Result "1-0"]
[WhiteElo "1898"]
[BlackElo "1758"]
[PlyCount "43"]
[EventDate "2007.03.22"]
[EventType "swiss"]
[EventRounds "6"]
[EventCountry "ITA"]
[SourceTitle "EXT 2010"]
[Source "ChessBase"]
[SourceDate "2010.11.25"]
[SourceVersion "1"]
[SourceVersionDate "2010.11.25"]
[SourceQuality "1"]

1. e4 d6 2. d4 g6 3. f4 Bg7 4. Nf3 Nf6 5. Nc3 0-0 6. Bc4 Nxe4 7. Nxe4 d5 8. Bd3 dxe4 9. Bxe4 c6 10. c3 Nd7 11. 0-0 Nf6 12. Bc2 Qc7 13. Ne5 b6 14. f5 Bd7 15. Bf4 Nd5 16. Nxg6 Nxf4 17. Nxf4 f6 18. Qg4 Kh8 19. Bb3 Bh6 20. Rae1 Bxf4 21. Rxe7 Bh6 22. Rxh7+ 1-0

[Event "Asti Alfieri Memorial 2nd"]
[Site "Asti"]
[Date "2007.03.24"]
[Round "4"]
[White "Martin, Tiziano"]
[Black "Crepaldi, Marco"]
[Result "1/2-1/2"]
[WhiteElo "2014"]
[BlackElo "1898"]
[PlyCount "115"]
[EventDate "2007.03.22"]
[EventType "swiss"]
[EventRounds "6"]
[EventCountry "ITA"]
[SourceTitle "EXT 2010"]
[Source "ChessBase"]
[SourceDate "2010.11.25"]
[SourceVersion "1"]
[SourceVersionDate "2010.11.25"]
[SourceQuality "1"]

1. e4 c5 2. Nc3 Nc6 3. g3 g6 4. Bg2 Bg7 5. Nge2 e6 6. 0-0 d6 7. d3 a6 8. Be3 Qc7 9. Qd2 b5 10. f4 Nge7 11. d4 cxd4 12. Nxd4 Bb7 13. f5 gxf5 14. exf5 Nxd4 15. Bxd4 Bxd4+ 16. Qxd4 0-0-0 17. Bxb7+ Qxb7 18. fxe6 fxe6 19. Ne4 Nf5 20. Rxf5 exf5 21. Nxd6+ Kb8 22. Qc5 Qc7 23. Qxc7+ Kxc7 24. Nf7 Rhf8 25. Nxd8 Rxd8 26. Rf1 Rd5 27. Rf2 Kd7 28. Re2 b4 29. Kf2 Ra5 30. Rd2+ Ke6 31. Rd4 Rc5 32. Rxb4 Rxc2+ 33. Kf3 Rxh2 34. Kf4 Rf2+ 35. Kg5 Rg2 36. Kf4 Rf2+ 37. Ke3 Rh2 38. a4 Rg2 39. Kf3 Rd2 40. Rb6+ Kf7 41. b4 Rb2 42. b5 axb5 43. Rxb5 Ra2 44. Rxf5+ Ke6 45. Rf4 Ra1 46. Kg4 Ra3 47. Kh4 Ke5 48. Rg4 Kf5 49. Rg5+ Kf6 50. a5 Ra1 51. Rb5 Kg6 52. g4 Rh1+ 53. Kg3 Ra1 54. Kf4 Ra4+ 55. Kg3 Ra1 56. Rd5 h6 57. Rc5 Ra2 58. Rb5 1/2-1/2